| 000 | 00742cam a2200205 i 4500 | ||
|---|---|---|---|
| 001 | 17737764 | ||
| 005 | 20250314205720.0 | ||
| 008 | 130514s2013 enk b 001 0 eng | ||
| 020 | _a9780199655380 (pbk.) | ||
| 020 | _a0199655383 (pbk.) | ||
| 050 | 0 | 0 |
_aKD1949 _b.L86 2013 |
| 100 | 1 |
_aLunney, Mark, _eauthor. |
|
| 245 | 1 | 0 |
_aTort law : _btext and materials / _cMark Lunney, Professor of Law, University of New England, Australia; Ken Oliphant, Director of the Institute for European Tort Law, Vienna, and Professor of Tort Law, University of Bristol. |
| 250 | _aFifth edition. | ||
| 300 |
_alviii, 980 pages ; _c25 cm |
||
| 650 | 0 |
_aTorts _zEngland. |
|
| 650 | 0 |
_aTorts _zWales. |
|
| 700 | 1 |
_aOliphant, Ken, _eauthor. |
|
| 942 |
_2lcc _cBK _n0 |
||
| 999 |
_c4851 _d4851 |
||